| 000 | 00474cam a2200193ua 4500 | ||
|---|---|---|---|
| 020 |
_a81-204-0098-4 _c90.00 |
||
| 041 |
_aeng _h |
||
| 082 |
_a636.5 _bBAN/PO |
||
| 100 | _aBanerjee, G.C . | ||
| 245 |
_aPoultry / _cG.C.Banerjee. _hTextual Documents |
||
| 250 |
_a3 / _b. |
||
| 260 |
_aCalcutta : _bOxford & IBH Publishing company , _c1976. |
||
| 300 | _a148 ; . | ||
| 365 | _a90.00 | ||
| 504 | _a | ||
| 942 | _cBK | ||
| 999 |
_c2062 _d2062 |
||